000 00349nam a2200145Ia 4500
008 151213s9999 xx 000 0 und d
100 _aDr,.Shireen Haq
245 _aHarvest
_cDr,.Shireen Haq
250 _a1st
260 _a`Dhaka
_bDept. of English J. U.
300 _a4492 p.
650 _aReference
700 _aDr,.Shireen Haq
999 _c2867
_d2867